[Event "Masters Tournament (MTO)"]
[Site "Biel, CH"]
[Date "2025.07.17"]
[Round "4"]
[White "Doluhanova, Evgeniya"]
[Black "Baenziger, Fabian"]
[Result "1/2-1/2"]
[Board "9"]
[WhiteFideId "14112035"]
[BlackFideId "1330110"]
[WhiteTitle "WGM"]
[BlackTitle "IM"]
[WhiteElo "2256"]
[BlackElo "2450"]
[WhiteTeam "UKR"]
[BlackTeam "SUI"]
[WhiteClock "0:09:12"]
[BlackClock "0:14:59"]
[Variant "Standard"]

1. d4 {[%clk 1:40:58]}  d5 {[%clk 1:40:38]} 2. c3 {[%clk 1:41:23]}  e6 {[%clk 1:39:46]} 3. Bf4 {[%clk 1:41:44]}  Nf6 {[%clk 1:39:26]} 4. Nd2 {[%clk 1:41:43]}  c5 {[%clk 1:39:36]} 5. e3 {[%clk 1:41:59]}  Nc6 {[%clk 1:39:45]} 6. Bd3 {[%clk 1:41:38]}  Bd6 {[%clk 1:37:06]} 7. Bxd6 {[%clk 1:35:33]}  Qxd6 {[%clk 1:36:49]} 8. Ngf3 {[%clk 1:35:59]}  O-O {[%clk 1:35:44]} 9. O-O {[%clk 1:36:13]}  e5 {[%clk 1:32:02]} 10. dxe5 {[%clk 1:32:01]}  Nxe5 {[%clk 1:31:55]} 11. Nxe5 {[%clk 1:31:52]}  Qxe5 {[%clk 1:32:19]} 12. h3 {[%clk 1:19:02]}  Rd8 {[%clk 1:22:26]} 13. Qe2 {[%clk 1:06:56]}  Bd7 {[%clk 1:16:24]} 14. e4 {[%clk 1:16:29]}  dxe4 {[%clk 1:12:37]} 15. Nxe4 {[%clk 1:07:45]}  Bc6 {[%clk 1:00:39]} 16. Nxf6+ {[%clk 1:11:46]}  Qxf6 {[%clk 1:01:04]} 17. Rad1 {[%clk 1:11:51]}  g6 {[%clk 1:00:14]} 18. Qe3 {[%clk 1:10:27]}  Rd5 {[%clk 0:37:37]} 19. f4 {[%clk 0:45:15]}  Re8 {[%clk 0:40:33]} 20. Qf2 {[%clk 0:41:11]}  Red8 {[%clk 0:40:14]} 21. Bc2 {[%clk 0:41:02]}  Rxd1 {[%clk 0:37:13]} 22. Rxd1 {[%clk 0:41:14]}  Rxd1+ {[%clk 0:35:28]} 23. Bxd1 {[%clk 0:41:38]}  Qd6 {[%clk 0:34:32]} 24. Bc2 {[%clk 0:40:18]}  Kg7 {[%clk 0:35:35]} 25. f5 {[%clk 0:29:53]}  b6 {[%clk 0:33:34]} 26. fxg6 {[%clk 0:37:42]}  hxg6 {[%clk 0:26:47]} 27. Bb3 {[%clk 0:36:59]}  f5 {[%clk 0:23:33]} 28. Qe2 {[%clk 0:31:24]}  Kf6 {[%clk 0:22:32]} 29. Qc4 {[%clk 0:24:07]}  b5 {[%clk 0:13:11]} 30. Qh4+ {[%clk 0:22:07]}  Kg7 {[%clk 0:16:52]} 31. a4 {[%clk 0:22:06]}  a6 {[%clk 0:12:08]} 32. axb5 {[%clk 0:22:30]}  axb5 {[%clk 0:12:34]} 33. Qg5 {[%clk 0:22:17]}  Be4 {[%clk 0:11:07]} 34. Kf2 {[%clk 0:12:40]}  f4 {[%clk 0:06:30]} 35. Ke1 {[%clk 0:03:56]}  Bf5 {[%clk 0:05:47]} 36. Bd1 {[%clk 0:02:55]}  Qe5+ {[%clk 0:02:40]} 37. Be2 {[%clk 0:03:05]}  c4 {[%clk 0:00:50]} 38. h4 {[%clk 0:00:37]}  Qe3 {[%clk 0:02:02]} 39. Kd1 {[%clk 0:00:33]}  Bd3 {[%clk 0:01:56]} 40. Bxd3 {[%clk 0:00:35]}  cxd3 {[%clk 0:01:38]} 41. Qg4 {[%clk 0:30:55]}  Kh6 {[%clk 0:21:11]} 42. Qg5+ {[%clk 0:31:16]}  Kh7 {[%clk 0:21:36]} 43. Qg4 {[%clk 0:31:43]}  Qg1+ {[%clk 0:19:48]} 44. Kd2 {[%clk 0:32:03]}  Qe3+ {[%clk 0:20:13]} 45. Kd1 {[%clk 0:32:28]}  Qg1+ {[%clk 0:20:41]} 46. Kd2 {[%clk 0:32:53]}  Qb1 {[%clk 0:21:09]} 47. Qd7+ {[%clk 0:26:20]}  Kh6 {[%clk 0:21:31]} 48. Qxd3 {[%clk 0:26:45]}  Qxb2+ {[%clk 0:16:44]} 49. Ke1 {[%clk 0:18:26]}  Qxg2 {[%clk 0:21:28]} 50. Qxb5 {[%clk 0:16:43]}  Qg3+ {[%clk 0:18:20]} 51. Kf1 {[%clk 0:19:03]}  Qxh4 {[%clk 0:18:36]} 52. Qe5 {[%clk 0:17:15]}  Qh3+ {[%clk 0:17:19]} 53. Kf2 {[%clk 0:17:12]}  Qg3+ {[%clk 0:16:58]} 54. Kf1 {[%clk 0:17:37]}  Qf3+ {[%clk 0:16:42]} 55. Kg1 {[%clk 0:17:27]}  Qg4+ {[%clk 0:12:56]} 56. Kf2 {[%clk 0:17:28]}  Qh4+ {[%clk 0:13:23]} 57. Kf1 {[%clk 0:17:29]}  Qg3 {[%clk 0:10:08]} 58. Qh8+ {[%clk 0:13:09]}  Kg5 {[%clk 0:08:57]} 59. Qd8+ {[%clk 0:06:06]}  Kh5 {[%clk 0:07:43]} 60. Qh8+ {[%clk 0:05:05]}  Kg4 {[%clk 0:12:57]} 61. Qc8+ {[%clk 0:05:31]}  Kf3 {[%clk 0:13:24]} 62. Qb7+ {[%clk 0:04:32]}  Ke3 {[%clk 0:13:43]} 63. Qa7+ {[%clk 0:04:52]}  Kd2 {[%clk 0:11:28]} 64. Qa2+ {[%clk 0:03:34]}  Kd3 {[%clk 0:12:04]} 65. Qa6+ {[%clk 0:03:54]}  Kxc3 {[%clk 0:12:20]} 66. Qa3+ {[%clk 0:04:19]}  Kd4 {[%clk 0:12:48]} 67. Qxg3 {[%clk 0:04:36]}  fxg3 {[%clk 0:13:14]} 68. Kg2 {[%clk 0:05:03]}  Ke4 {[%clk 0:13:40]} 69. Kxg3 {[%clk 0:05:30]}  Kf5 {[%clk 0:14:06]} 70. Kf3 {[%clk 0:05:57]}  g5 {[%clk 0:14:32]} 71. Kg3 {[%clk 0:06:25]}  g4 {[%clk 0:14:57]} 72. Kg2 {[%clk 0:06:53]}  Kf4 {[%clk 0:15:24]} 73. Kf2 {[%clk 0:07:21]}  g3+ {[%clk 0:15:51]} 74. Kg2 {[%clk 0:07:49]}  Kg4 {[%clk 0:16:18]} 75. Kg1 {[%clk 0:08:16]}  Kh3 {[%clk 0:16:45]} 76. Kh1 {[%clk 0:08:43]}  g2+ {[%clk 0:17:11]} 77. Kg1 {[%clk 0:09:12]}  Kg3 {[%clk 0:14:59]} 1/2-1/2

[Event "Masters Tournament (MTO)"]
[Site "Biel, CH"]
[Date "2025.07.17"]
[Round "4"]
[White "Aditya Varun Gampa"]
[Black "Gloeckler, Christian"]
[Result "0-1"]
[Board "10"]
[WhiteFideId "45066183"]
[BlackFideId "34608966"]
[WhiteTitle "FM"]
[BlackTitle "FM"]
[WhiteElo "2187"]
[BlackElo "2439"]
[WhiteTeam "IND"]
[BlackTeam "GER"]
[WhiteClock "0:25:16"]
[BlackClock "0:11:03"]
[Variant "Standard"]

1. Nf3 {[%clk 1:30:10]}  Nf6 {[%clk 1:40:51]} 2. c4 {[%clk 1:30:11]}  c5 {[%clk 1:41:15]} 3. Nc3 {[%clk 1:30:26]}  Nc6 {[%clk 1:41:39]} 4. g3 {[%clk 1:30:46]}  d5 {[%clk 1:42:02]} 5. d4 {[%clk 1:31:11]}  cxd4 {[%clk 1:42:09]} 6. Nxd4 {[%clk 1:31:35]}  dxc4 {[%clk 1:42:31]} 7. Nxc6 {[%clk 1:32:00]}  Qxd1+ {[%clk 1:42:52]} 8. Nxd1 {[%clk 1:32:26]}  bxc6 {[%clk 1:43:13]} 9. Bg2 {[%clk 1:32:53]}  Nd5 {[%clk 1:43:31]} 10. Ne3 {[%clk 1:33:18]}  e6 {[%clk 1:43:55]} 11. Nxc4 {[%clk 1:33:39]}  Ba6 {[%clk 1:44:15]} 12. b3 {[%clk 1:32:14]}  Bb4+ {[%clk 1:44:30]} 13. Bd2 {[%clk 1:32:34]}  Ke7 {[%clk 1:42:32]} 14. Rc1 {[%clk 1:29:59]}  Rhc8 {[%clk 1:40:08]} 15. Ne5 {[%clk 1:14:49]}  c5 {[%clk 1:25:23]} 16. Bxb4 {[%clk 1:18:00]}  cxb4 {[%clk 1:25:43]} 17. Rxc8 {[%clk 1:10:56]}  Rxc8 {[%clk 1:25:54]} 18. Bxd5 {[%clk 1:10:57]}  Kd6 {[%clk 1:19:04]} 19. Bf3 {[%clk 1:07:55]}  Kxe5 {[%clk 1:21:53]} 20. Kd2 {[%clk 1:02:23]}  f5 {[%clk 1:13:25]} 21. Rc1 {[%clk 0:58:16]}  Rxc1 {[%clk 1:04:03]} 22. Kxc1 {[%clk 1:06:36]}  g5 {[%clk 1:02:30]} 23. Kd2 {[%clk 1:06:33]}  Bb5 {[%clk 1:02:25]} 24. e3 {[%clk 1:04:03]}  Kd6 {[%clk 0:53:34]} 25. Bd1 {[%clk 0:59:21]}  Bc6 {[%clk 0:34:03]} 26. Bc2 {[%clk 0:57:00]}  Bf3 {[%clk 0:36:31]} 27. Bd3 {[%clk 0:57:06]}  h6 {[%clk 0:33:00]} 28. Bc2 {[%clk 0:56:08]}  Kd5 {[%clk 0:29:37]} 29. Bd3 {[%clk 0:55:58]}  Be4 {[%clk 0:29:50]} 30. Bc4+ {[%clk 0:56:02]}  Kd6 {[%clk 0:29:54]} 31. Be2 {[%clk 0:53:45]}  e5 {[%clk 0:21:19]} 32. Bd3 {[%clk 0:49:06]}  Kd5 {[%clk 0:26:23]} 33. Bc4+ {[%clk 0:43:56]}  Kc5 {[%clk 0:26:41]} 34. Bd3 {[%clk 0:32:08]}  Bxd3 {[%clk 0:18:57]} 35. Kxd3 {[%clk 0:27:45]}  g4 {[%clk 0:17:09]} 36. e4 {[%clk 0:25:48]}  f4 {[%clk 0:12:28]} 37. gxf4 {[%clk 0:40:39]}  exf4 {[%clk 0:12:49]} 38. e5 {[%clk 0:41:08]}  Kd5 {[%clk 0:12:31]} 39. e6 {[%clk 0:41:31]}  Kxe6 {[%clk 0:12:12]} 40. Ke4 {[%clk 0:40:17]}  g3 {[%clk 0:10:54]} 41. hxg3 {[%clk 0:41:48]}  fxg3 {[%clk 0:11:02]} 42. fxg3 {[%clk 0:42:15]}  h5 {[%clk 0:00:52]} 43. Kf4 {[%clk 0:32:13]}  Kf6 {[%clk 0:10:03]} 44. Kf3 {[%clk 0:31:16]}  Kf5 {[%clk 0:04:42]} 45. Kg2 {[%clk 0:22:26]}  Kg4 {[%clk 0:09:50]} 46. Kh2 {[%clk 0:22:27]}  Kf3 {[%clk 0:08:56]} 47. Kh3 {[%clk 0:22:53]}  a5 {[%clk 0:08:13]} 48. Kh2 {[%clk 0:22:45]}  Kf2 {[%clk 0:08:34]} 49. Kh3 {[%clk 0:23:13]}  Kg1 {[%clk 0:08:44]} 50. Kh4 {[%clk 0:23:14]}  Kg2 {[%clk 0:09:06]} 51. Kxh5 {[%clk 0:23:29]}  Kxg3 {[%clk 0:09:30]} 52. Kg5 {[%clk 0:23:56]}  Kf3 {[%clk 0:09:50]} 53. Kf5 {[%clk 0:24:20]}  Ke3 {[%clk 0:10:14]} 54. Ke5 {[%clk 0:24:48]}  Kd3 {[%clk 0:10:38]} 55. Kd5 {[%clk 0:25:16]}  Kc3 {[%clk 0:11:03]} 0-1

[Event "Masters Tournament (MTO)"]
[Site "Biel, CH"]
[Date "2025.07.17"]
[Round "4"]
[White "Tureshbayev, Anuar"]
[Black "Arfan, Aditya Bagus"]
[Result "1/2-1/2"]
[Board "11"]
[WhiteFideId "651081709"]
[BlackFideId "7106041"]
[BlackTitle "IM"]
[WhiteElo "2163"]
[BlackElo "2385"]
[WhiteTeam "IRL"]
[BlackTeam "INA"]
[WhiteClock "0:58:34"]
[BlackClock "0:10:28"]
[Variant "Standard"]

1. e4 {[%clk 1:40:58]}  c5 {[%clk 1:37:31]} 2. Nf3 {[%clk 1:41:26]}  d6 {[%clk 1:37:27]} 3. d4 {[%clk 1:41:52]}  cxd4 {[%clk 1:37:36]} 4. Nxd4 {[%clk 1:42:18]}  Nf6 {[%clk 1:37:50]} 5. Nc3 {[%clk 1:42:46]}  a6 {[%clk 1:37:28]} 6. Be3 {[%clk 1:43:12]}  e5 {[%clk 1:37:27]} 7. Nf3 {[%clk 1:43:39]}  Qc7 {[%clk 1:34:33]} 8. a4 {[%clk 1:43:24]}  b6 {[%clk 1:30:23]} 9. Nd5 {[%clk 1:37:50]}  Nxd5 {[%clk 1:24:01]} 10. Qxd5 {[%clk 1:37:52]}  Bb7 {[%clk 1:10:41]} 11. Qb3 {[%clk 1:38:16]}  Be7 {[%clk 1:04:44]} 12. Bc4 {[%clk 1:24:36]}  Bd8 {[%clk 0:56:58]} 13. O-O-O {[%clk 1:08:24]}  O-O {[%clk 0:52:37]} 14. Bd5 {[%clk 1:05:16]}  Nc6 {[%clk 0:49:44]} 15. Rd3 {[%clk 1:03:54]}  Na5 {[%clk 0:41:39]} 16. Qc3 {[%clk 1:03:31]}  Qxc3 {[%clk 0:37:53]} 17. Rxc3 {[%clk 1:03:56]}  Bxd5 {[%clk 0:38:11]} 18. exd5 {[%clk 1:04:21]}  b5 {[%clk 0:38:31]} 19. b4 {[%clk 1:03:54]}  Nc4 {[%clk 0:38:41]} 20. a5 {[%clk 1:03:43]}  Be7 {[%clk 0:26:11]} 21. Nd2 {[%clk 1:01:29]}  Nxd2 {[%clk 0:25:48]} 22. Kxd2 {[%clk 0:59:46]}  Rac8 {[%clk 0:25:13]} 23. Rxc8 {[%clk 0:57:57]}  Rxc8 {[%clk 0:25:41]} 24. Rb1 {[%clk 0:58:08]}  f5 {[%clk 0:09:56]} 25. f3 {[%clk 0:53:15]}  Rc4 {[%clk 0:14:27]} 26. Rb3 {[%clk 0:53:31]}  f4 {[%clk 0:14:43]} 27. Bf2 {[%clk 0:53:33]}  e4 {[%clk 0:15:09]} 28. fxe4 {[%clk 0:53:23]}  Bf6 {[%clk 0:09:05]} 29. Kd3 {[%clk 0:52:50]}  Be5 {[%clk 0:08:22]} 30. c3 {[%clk 0:52:12]}  Kf7 {[%clk 0:09:30]} 31. Bd4 {[%clk 0:52:27]}  Kf6 {[%clk 0:09:13]} 32. Rb1 {[%clk 0:52:40]}  g5 {[%clk 0:09:42]} 33. g3 {[%clk 0:50:20]}  f3 {[%clk 0:04:30]} 34. g4 {[%clk 0:52:18]}  Bxd4 {[%clk 0:04:47]} 35. cxd4 {[%clk 0:52:42]}  Ke7 {[%clk 0:05:15]} 36. Rb2 {[%clk 0:48:24]}  h6 {[%clk 0:04:46]} 37. h3 {[%clk 0:48:02]}  Rc1 {[%clk 0:01:49]} 38. e5 {[%clk 0:43:06]}  Rd1+ {[%clk 0:00:44]} 39. Ke4 {[%clk 0:41:04]}  Re1+ {[%clk 0:01:07]} 40. Kf5 {[%clk 0:33:51]}  Rd1 {[%clk 0:00:48]} 41. Rf2 {[%clk 0:27:44]}  Rxd4 {[%clk 0:26:39]} 42. exd6+ {[%clk 0:58:10]}  Kxd6 {[%clk 0:25:58]} 43. Rxf3 {[%clk 0:58:24]}  Rxb4 {[%clk 0:22:08]} 44. Kg6 {[%clk 0:58:41]}  Rd4 {[%clk 0:10:53]} 45. Kxh6 {[%clk 0:49:28]}  b4 {[%clk 0:10:26]} 46. Rf6+ {[%clk 0:47:05]}  Kc5 {[%clk 0:08:57]} 47. Rxa6 {[%clk 0:46:08]}  Rxd5 {[%clk 0:08:50]} 48. Kh5 {[%clk 0:46:23]}  Kc4 {[%clk 0:00:33]} 49. Rc6+ {[%clk 0:45:39]}  Rc5 {[%clk 0:00:32]} 50. Re6 {[%clk 0:43:18]}  Rxa5 {[%clk 0:00:52]} 51. Re1 {[%clk 0:43:30]}  b3 {[%clk 0:00:17]} 52. h4 {[%clk 0:43:49]}  gxh4+ {[%clk 0:00:38]} 53. Kxh4 {[%clk 0:44:15]}  b2 {[%clk 0:00:52]} 54. Rb1 {[%clk 0:44:00]}  Kc3 {[%clk 0:01:05]} 55. g5 {[%clk 0:44:50]}  Ra1 {[%clk 0:01:13]} 56. Rxb2 {[%clk 0:45:14]}  Kxb2 {[%clk 0:01:41]} 57. g6 {[%clk 0:43:36]}  Rg1 {[%clk 0:01:17]} 58. Kh5 {[%clk 0:45:18]}  Kc3 {[%clk 0:01:44]} 59. Kh6 {[%clk 0:45:09]}  Kd4 {[%clk 0:01:20]} 60. Kg7 {[%clk 0:45:12]}  Ke5 {[%clk 0:02:04]} 61. Kf7 {[%clk 0:45:35]}  Rf1+ {[%clk 0:01:42]} 62. Ke7 {[%clk 0:45:43]}  Rg1 {[%clk 0:02:37]} 63. Kf7 {[%clk 0:46:09]}  Rf1+ {[%clk 0:03:06]} 64. Ke7 {[%clk 0:46:34]}  Ra1 {[%clk 0:03:33]} 65. g7 {[%clk 0:46:56]}  Ra7+ {[%clk 0:04:01]} 66. Kf8 {[%clk 0:47:22]}  Kf6 {[%clk 0:04:05]} 67. g8=N+ {[%clk 0:47:15]}  Ke6 {[%clk 0:04:31]} 68. Nh6 {[%clk 0:48:11]}  Rh7 {[%clk 0:03:30]} 69. Ng8 {[%clk 0:48:38]}  Rh2 {[%clk 0:02:08]} 70. Kg7 {[%clk 0:48:03]}  Rg2+ {[%clk 0:01:37]} 71. Kf8 {[%clk 0:46:27]}  Rg3 {[%clk 0:02:03]} 72. Nh6 {[%clk 0:47:36]}  Rg1 {[%clk 0:01:49]} 73. Ng8 {[%clk 0:47:56]}  Rg6 {[%clk 0:02:48]} 74. Ne7 {[%clk 0:48:21]}  Rf6+ {[%clk 0:02:29]} 75. Ke8 {[%clk 0:48:03]}  Rf7 {[%clk 0:02:28]} 76. Ng8 {[%clk 0:48:57]}  Rf1 {[%clk 0:01:59]} 77. Nh6 {[%clk 0:49:04]}  Rh1 {[%clk 0:01:08]} 78. Ng8 {[%clk 0:49:29]}  Kf5 {[%clk 0:01:21]} 79. Kf8 {[%clk 0:49:33]}  Rh7 {[%clk 0:01:38]} 80. Ne7+ {[%clk 0:49:49]}  Kf6 {[%clk 0:02:06]} 81. Ng8+ {[%clk 0:50:14]}  Ke6 {[%clk 0:02:31]} 82. Ke8 {[%clk 0:48:20]}  Ke5 {[%clk 0:00:59]} 83. Kf8 {[%clk 0:50:43]}  Kf5 {[%clk 0:00:58]} 84. Ne7+ {[%clk 0:50:21]}  Kg5 {[%clk 0:01:23]} 85. Ng8 {[%clk 0:50:21]}  Rh1 {[%clk 0:01:28]} 86. Kf7 {[%clk 0:50:16]}  Ra1 {[%clk 0:01:35]} 87. Kf8 {[%clk 0:50:15]}  Kf5 {[%clk 0:01:55]} 88. Ne7+ {[%clk 0:50:30]}  Ke6 {[%clk 0:02:17]} 89. Ng8 {[%clk 0:49:46]}  Rg1 {[%clk 0:02:11]} 90. Nh6 {[%clk 0:50:42]}  Rg2 {[%clk 0:01:53]} 91. Ng8 {[%clk 0:50:55]}  Rg6 {[%clk 0:02:18]} 92. Ne7 {[%clk 0:51:06]}  Rf6+ {[%clk 0:02:03]} 93. Ke8 {[%clk 0:51:31]}  Rf7 {[%clk 0:01:56]} 94. Ng8 {[%clk 0:51:56]}  Rf3 {[%clk 0:02:16]} 95. Nh6 {[%clk 0:52:17]}  Kf6 {[%clk 0:02:05]} 96. Ng8+ {[%clk 0:52:19]}  Kg7 {[%clk 0:02:33]} 97. Ne7 {[%clk 0:52:42]}  Re3 {[%clk 0:03:01]} 98. Kd7 {[%clk 0:53:04]}  Kf7 {[%clk 0:03:29]} 99. Nd5 {[%clk 0:53:18]}  Rd3 {[%clk 0:03:54]} 100. Kc6 {[%clk 0:53:39]}  Rd1 {[%clk 0:04:18]} 101. Kd6 {[%clk 0:54:06]}  Re1 {[%clk 0:04:35]} 102. Nf4 {[%clk 0:54:23]}  Kf6 {[%clk 0:04:54]} 103. Nd5 {[%clk 0:54:47]}  Kg5 {[%clk 0:05:17]} 104. Ne7 {[%clk 0:54:29]}  Kf6 {[%clk 0:05:08]} 105. Nd5 {[%clk 0:54:55]}  Kf7 {[%clk 0:05:35]} 106. Nf4 {[%clk 0:55:08]}  Re4 {[%clk 0:06:03]} 107. Nd5 {[%clk 0:55:30]}  Re6+ {[%clk 0:06:30]} 108. Kc5 {[%clk 0:55:48]}  Rh6 {[%clk 0:06:59]} 109. Kd4 {[%clk 0:56:11]}  Ke6 {[%clk 0:07:25]} 110. Nf4+ {[%clk 0:56:37]}  Kf5 {[%clk 0:07:53]} 111. Nd3 {[%clk 0:56:41]}  Rd6+ {[%clk 0:08:18]} 112. Kc4 {[%clk 0:57:05]}  Ke4 {[%clk 0:08:37]} 113. Nc5 {[%clk 0:57:31]}  Ke3 {[%clk 0:09:04]} 114. Nb3 {[%clk 0:57:54]}  Rd8 {[%clk 0:09:30]} 115. Nc5 {[%clk 0:58:20]}  Rd1 {[%clk 0:09:36]} 116. Nb3 {[%clk 0:58:41]}  Rd3 {[%clk 0:10:01]} 117. Nc5 {[%clk 0:58:34]}  Rd4+ {[%clk 0:10:28]} 1/2-1/2

[Event "Masters Tournament (MTO)"]
[Site "Biel, CH"]
[Date "2025.07.17"]
[Round "4"]
[White "Adewumi, Tanitoluwa"]
[Black "Rappazzo, Johannes"]
[Result "1-0"]
[Board "12"]
[WhiteFideId "30966396"]
[BlackFideId "1340069"]
[WhiteTitle "FM"]
[BlackTitle "FM"]
[WhiteElo "2397"]
[BlackElo "2213"]
[WhiteTeam "USA"]
[BlackTeam "SUI"]
[WhiteClock "1:08:33"]
[BlackClock "0:01:02"]
[Variant "Standard"]

1. d4 {[%clk 1:40:59]}  Nf6 {[%clk 1:40:55]} 2. c4 {[%clk 1:41:28]}  g6 {[%clk 1:41:17]} 3. Nc3 {[%clk 1:41:30]}  Bg7 {[%clk 1:41:43]} 4. e4 {[%clk 1:41:56]}  d6 {[%clk 1:42:09]} 5. Be2 {[%clk 1:42:23]}  O-O {[%clk 1:42:33]} 6. Be3 {[%clk 1:42:51]}  e5 {[%clk 1:42:57]} 7. d5 {[%clk 1:43:13]}  Na6 {[%clk 1:42:09]} 8. h4 {[%clk 1:41:47]}  Nc5 {[%clk 1:43:49]} 9. Bf3 {[%clk 1:38:53]}  h5 {[%clk 1:41:02]} 10. b4 {[%clk 1:36:59]}  Ncd7 {[%clk 1:33:43]} 11. Be2 {[%clk 1:34:41]}  a5 {[%clk 1:29:39]} 12. b5 {[%clk 1:38:59]}  Nc5 {[%clk 1:21:45]} 13. f3 {[%clk 1:27:45]}  Nh7 {[%clk 1:03:54]} 14. g4 {[%clk 1:38:42]}  f5 {[%clk 1:03:48]} 15. g5 {[%clk 1:09:32]}  f4 {[%clk 0:47:39]} 16. Bxc5 {[%clk 1:17:58]}  dxc5 {[%clk 0:48:04]} 17. b6 {[%clk 1:13:59]}  cxb6 {[%clk 0:37:39]} 18. Bf1 {[%clk 1:16:16]}  Rf7 {[%clk 0:34:46]} 19. Rb1 {[%clk 1:15:21]}  Bf8 {[%clk 0:33:20]} 20. Bh3 {[%clk 1:15:39]}  Bxh3 {[%clk 0:28:54]} 21. Nxh3 {[%clk 1:15:49]}  Bd6 {[%clk 0:28:17]} 22. Na4 {[%clk 1:15:56]}  Ra6 {[%clk 0:25:56]} 23. Rh2 {[%clk 1:12:40]}  Nf8 {[%clk 0:23:25]} 24. Rb5 {[%clk 1:12:18]}  Bc7 {[%clk 0:22:08]} 25. Rhb2 {[%clk 1:11:40]}  Rd7 {[%clk 0:20:33]} 26. Qb1 {[%clk 1:10:11]}  Rd6 {[%clk 0:19:00]} 27. Nf2 {[%clk 1:09:54]}  Nd7 {[%clk 0:16:43]} 28. Kf1 {[%clk 1:03:18]}  Kg7 {[%clk 0:09:33]} 29. Nd3 {[%clk 1:09:24]}  Qe7 {[%clk 0:07:58]} 30. R5b3 {[%clk 1:08:20]}  Bd8 {[%clk 0:07:52]} 31. Qa1 {[%clk 1:07:48]}  Nb8 {[%clk 0:04:25]} 32. Rb1 {[%clk 1:06:50]}  Qd7 {[%clk 0:02:24]} 33. Kg2 {[%clk 1:06:21]}  Qxa4 {[%clk 0:01:21]} 34. Qxe5+ {[%clk 1:06:43]}  Rf6 {[%clk 0:01:19]} 35. gxf6+ {[%clk 1:07:07]}  Bxf6 {[%clk 0:01:45]} 36. Qxb8 {[%clk 1:07:21]}  Qxa2+ {[%clk 0:02:05]} 37. Kh3 {[%clk 1:07:08]}  Bxh4 {[%clk 0:00:56]} 38. Qc7+ {[%clk 1:07:19]}  Kh6 {[%clk 0:01:10]} 39. Qxf4+ {[%clk 1:07:47]}  Bg5 {[%clk 0:01:18]} 40. Qf8+ {[%clk 1:08:15]}  Kh7 {[%clk 0:01:02]} 41. Rxb6 {[%clk 1:08:33]} 1-0

[Event "Masters Tournament (MTO)"]
[Site "Biel, CH"]
[Date "2025.07.17"]
[Round "4"]
[White "Shvedova, Alexandra"]
[Black "Lacan Rus, David"]
[Result "1-0"]
[Board "13"]
[WhiteFideId "54154782"]
[BlackFideId "651023075"]
[WhiteTitle "WFM"]
[BlackTitle "FM"]
[WhiteElo "2204"]
[BlackElo "2369"]
[WhiteTeam "ITA"]
[BlackTeam "FRA"]
[WhiteClock "0:04:05"]
[BlackClock "0:00:35"]
[Variant "Standard"]

1. e4 {[%clk 1:40:56]}  c5 {[%clk 1:40:53]} 2. Nf3 {[%clk 1:41:11]}  Nc6 {[%clk 1:41:15]} 3. Bb5 {[%clk 1:41:21]}  e6 {[%clk 1:41:36]} 4. Bxc6 {[%clk 1:41:16]}  bxc6 {[%clk 1:41:52]} 5. d3 {[%clk 1:41:35]}  Qc7 {[%clk 1:35:56]} 6. e5 {[%clk 1:30:32]}  f6 {[%clk 1:41:47]} 7. Bf4 {[%clk 1:28:39]}  Ne7 {[%clk 1:41:58]} 8. Bg3 {[%clk 1:21:22]}  fxe5 {[%clk 1:40:35]} 9. Nxe5 {[%clk 1:20:16]}  d6 {[%clk 1:39:03]} 10. Nc4 {[%clk 1:17:55]}  Nf5 {[%clk 1:33:53]} 11. Nbd2 {[%clk 1:16:07]}  Be7 {[%clk 1:30:57]} 12. Ne3 {[%clk 1:10:33]}  e5 {[%clk 1:19:53]} 13. Nxf5 {[%clk 0:59:47]}  Bxf5 {[%clk 1:20:13]} 14. O-O {[%clk 1:00:05]}  g5 {[%clk 1:08:02]} 15. Nc4 {[%clk 0:53:35]}  h5 {[%clk 1:05:39]} 16. h3 {[%clk 0:49:22]}  Qd7 {[%clk 1:01:43]} 17. Ne3 {[%clk 0:46:17]}  Be6 {[%clk 1:01:01]} 18. b4 {[%clk 0:33:47]}  Bf6 {[%clk 0:51:12]} 19. bxc5 {[%clk 0:40:23]}  d5 {[%clk 0:51:23]} 20. Re1 {[%clk 0:31:40]}  Kf7 {[%clk 0:46:39]} 21. Nf1 {[%clk 0:17:44]}  e4 {[%clk 0:34:39]} 22. dxe4 {[%clk 0:28:49]}  Bxa1 {[%clk 0:33:23]} 23. Qxa1 {[%clk 0:28:39]}  Rae8 {[%clk 0:31:36]} 24. Rd1 {[%clk 0:23:36]}  Kg6 {[%clk 0:25:14]} 25. c4 {[%clk 0:20:17]}  Qf7 {[%clk 0:21:59]} 26. cxd5 {[%clk 0:17:58]}  cxd5 {[%clk 0:22:21]} 27. exd5 {[%clk 0:18:25]}  Bxd5 {[%clk 0:22:41]} 28. Ne3 {[%clk 0:14:19]}  Be6 {[%clk 0:14:06]} 29. Rd6 {[%clk 0:16:37]}  Rhf8 {[%clk 0:09:21]} 30. Qb2 {[%clk 0:11:45]}  Kh7 {[%clk 0:10:24]} 31. c6 {[%clk 0:10:52]}  h4 {[%clk 0:09:29]} 32. Be5 {[%clk 0:10:31]}  Qg6 {[%clk 0:06:48]} 33. Ng4 {[%clk 0:08:13]}  Re7 {[%clk 0:04:58]} 34. c7 {[%clk 0:05:33]}  Qe4 {[%clk 0:03:05]} 35. Rd8 {[%clk 0:04:33]}  Qe1+ {[%clk 0:00:38]} 36. Kh2 {[%clk 0:05:00]}  Bxg4 {[%clk 0:00:35]} 37. Rxf8 {[%clk 0:04:05]} 1-0

[Event "Masters Tournament (MTO)"]
[Site "Biel, CH"]
[Date "2025.07.17"]
[Round "4"]
[White "Latorre, Vincent"]
[Black "Schimnatkowski, Lukas"]
[Result "1/2-1/2"]
[Board "14"]
[WhiteFideId "2636891"]
[BlackFideId "12936723"]
[WhiteTitle "FM"]
[WhiteElo "2326"]
[BlackElo "2202"]
[WhiteTeam "CAN"]
[BlackTeam "GER"]
[WhiteClock "0:33:42"]
[BlackClock "1:11:35"]
[Variant "Standard"]

1. e4 {[%clk 1:40:02]}  c5 {[%clk 1:40:49]} 2. Nf3 {[%clk 1:39:56]}  d6 {[%clk 1:41:12]} 3. d4 {[%clk 1:39:45]}  cxd4 {[%clk 1:41:36]} 4. Nxd4 {[%clk 1:40:10]}  Nf6 {[%clk 1:41:58]} 5. Nc3 {[%clk 1:40:30]}  g6 {[%clk 1:42:19]} 6. Be3 {[%clk 1:40:00]}  Nc6 {[%clk 1:42:39]} 7. f3 {[%clk 1:37:52]}  h5 {[%clk 1:42:54]} 8. Qd2 {[%clk 1:36:01]}  Nxd4 {[%clk 1:42:57]} 9. Bxd4 {[%clk 1:36:01]}  Bh6 {[%clk 1:43:16]} 10. Be3 {[%clk 1:29:36]}  Bxe3 {[%clk 1:43:18]} 11. Qxe3 {[%clk 1:29:59]}  Be6 {[%clk 1:43:07]} 12. O-O-O {[%clk 1:28:19]}  Qa5 {[%clk 1:42:33]} 13. Bb5+ {[%clk 1:11:26]}  Kf8 {[%clk 1:41:28]} 14. Qd4 {[%clk 0:53:02]}  Rc8 {[%clk 1:27:51]} 15. Qa4 {[%clk 0:52:20]}  Qb6 {[%clk 1:17:08]} 16. Qd4 {[%clk 0:47:58]}  Qa5 {[%clk 1:06:52]} 17. Qa4 {[%clk 0:40:52]}  Qb6 {[%clk 1:14:46]} 18. Qd4 {[%clk 0:33:42]}  Qa5 {[%clk 1:11:35]} 1/2-1/2